Place the Country on a Map - Statistics

General Stats
  • This quiz has been taken 456 times
  • The average score is 54 of 197
Answers on the Map
Answers color-coded by a green-red scale on the quiz's map according to % correct below.
 
Answer Stats
Answer % Correct
Russia
52%
USA
49%
North Korea
48%
Portugal
48%
Canada
47%
United Kingdom
47%
Brazil
46%
Chile
46%
China
46%
Mexico
46%
South Africa
46%
Egypt
45%
Finland
44%
France
44%
Germany
44%
India
44%
Ireland
44%
Italy
44%
Japan
44%
Madagascar
44%
Norway
44%
Saudi Arabia
44%
South Korea
44%
Australia
43%
Denmark
42%
Greece
42%
Iceland
42%
Sweden
42%
Switzerland
42%
Kazakhstan
41%
Morocco
41%
New Zealand
41%
Poland
41%
Romania
41%
Turkey
41%
Belgium
40%
Spain
40%
Colombia
39%
Indonesia
39%
Iran
39%
Taiwan
39%
Ukraine
39%
Yemen
39%
Malta
38%
Panama
38%
Sri Lanka
38%
Belarus
37%
Latvia
37%
Mongolia
37%
Netherlands
37%
Peru
37%
Somalia
37%
South Sudan
37%
Algeria
36%
Chad
36%
Philippines
36%
Argentina
35%
Bolivia
35%
Croatia
35%
Estonia
35%
Oman
35%
Pakistan
35%
Thailand
35%
Tunisia
35%
Democratic Republic of the Congo
34%
Ecuador
34%
Papua New Guinea
34%
Afghanistan
33%
Bangladesh
33%
Ethiopia
33%
Iraq
33%
Libya
33%
Lithuania
33%
Myanmar
33%
Nepal
33%
Nigeria
33%
Paraguay
33%
Sudan
33%
Austria
32%
Cyprus
32%
Niger
32%
United Arab Emirates
32%
Uruguay
32%
Vietnam
32%
Bosnia and Herzegovina
31%
Bulgaria
31%
Cambodia
31%
Cuba
31%
Czech Republic
31%
Hungary
31%
Malaysia
31%
Maldives
31%
Seychelles
31%
Syria
31%
Venezuela
31%
Georgia
30%
Central African Republic
29%
Kenya
29%
Lesotho
29%
Moldova
29%
Mozambique
29%
Serbia
29%
Uzbekistan
29%
Albania
28%
Bahamas
28%
Jordan
28%
Cabo Verde
27%
Dominican Republic
27%
Jamaica
27%
Eritrea
26%
Laos
26%
Mauritania
25%
North Macedonia
25%
Qatar
25%
São Tomé and Príncipe
25%
Suriname
25%
Angola
24%
Armenia
24%
Costa Rica
24%
Djibouti
24%
El Salvador
24%
Equatorial Guinea
24%
Eswatini
24%
Israel
24%
Kosovo
24%
Guyana
23%
Namibia
23%
Tanzania
23%
Azerbaijan
22%
Burkina Faso
22%
Guatemala
22%
Mauritius
22%
Micronesia
22%
Nicaragua
22%
Slovakia
22%
Turkmenistan
22%
Bhutan
21%
Comoros
21%
Côte d’Ivoire
21%
Lebanon
21%
Slovenia
21%
Botswana
20%
Fiji
20%
Haiti
20%
Honduras
20%
Kiribati
20%
Kyrgyzstan
20%
Mali
20%
Senegal
20%
Solomon Islands
20%
Tajikistan
20%
Belize
19%
Ghana
19%
Guinea
19%
Cameroon
18%
Kuwait
18%
Montenegro
18%
Benin
17%
Gabon
17%
Republic of the Congo
17%
Rwanda
17%
Uganda
17%
Burundi
16%
Liberia
16%
Luxembourg
16%
Malawi
16%
Sierra Leone
16%
Timor-Leste
16%
Togo
16%
Zambia
16%
Zimbabwe
16%
Trinidad and Tobago
14%
Vanuatu
14%
Gambia
13%
Guinea-Bissau
13%
Marshall Islands
13%
Nauru
12%
Palestine
12%
Tonga
11%
Palau
10%
Tuvalu
10%
Samoa
9%
Brunei
4%
Andorra
1%
Bahrain
1%
Barbados
1%
Grenada
1%
Liechtenstein
1%
Antigua and Barbuda
0%
Dominica
0%
Monaco
0%
Saint Kitts and Nevis
0%
Saint Lucia
0%
Saint Vincent and the Grenadines
0%
San Marino
0%
Singapore
0%
Vatican City
0%
No matching quizzes found
Score Distribution
Percent of People with Each Score
Percentile by Number Answered
Your Score History
You have not taken this quiz